Leçons de la philosophie (notice n° 2001370)

détails MARC
000 -LEADER
fixed length control field 02163cam a2200169 4500500
005 - DATE AND TIME OF LATEST TRANSACTION
control field 20260329051354.0
041 ## - LANGUAGE CODE
Language code of text/sound track or separate title fre
042 ## - AUTHENTICATION CODE
Authentication code dc
100 10 - MAIN ENTRY--PERSONAL NAME
Personal name Renaut, Alain
Relator term author
245 00 - TITLE STATEMENT
Title Leçons de la philosophie
260 ## - PUBLICATION, DISTRIBUTION, ETC.
Name of publisher, distributor, etc. Odile Jacob,<br/>
Date of publication, distribution, etc. 2018.<br/>
520 ## - SUMMARY, ETC.
Summary, etc. Voici un livre unique pour qui veut découvrir, comprendre ou approfondir la philosophie.Il est constitué d’une série de leçons consacrées aux grandes questions philosophiques, que l’on pourra lire dans l’ordre que l’on voudra, selon ses goûts, ses besoins ou ses choix.Ces leçons mobilisent les apports des philosophes les plus précieux, des classiques aux contemporains : Platon, Aristote, Descartes, Spinoza, Hegel ou Nietzsche, mais aussi Arendt, Rawls, Levinas, Foucault, Derrida ou Habermas.L’ouvrage aborde également les débats les plus actuels : découvertes scientifiques, bioéthique, environnement, retour du religieux, bouleversements artistiques, mutations sociales et politiques… Chaque leçon dégage ainsi un bilan des contributions de la philosophie à l’état actuel de la réflexion.Un avant-propos nourri fournit des fils conducteurs pour que le lecteur puisse s’orienter dans les questionnements philosophiques.Une conclusion très ouverte s’interroge sur les avenirs possibles de la philosophie dans la culture contemporaine.Alain Renaut est professeur émérite de philosophie politique et d’éthique à Sorbonne Université. Il est également directeur du Centre international de philosophie politique appliquée.Jean-Cassien Billier est maître de conférences à l’UFR de philosophie de la faculté des lettres de Sorbonne Université.Patrick Savidan est professeur d’éthique et de philosophie à l’université Paris-Est-Créteil et président de l’Observatoire des inégalités.Ludivine Thiaw-Po-Une est docteur en philosophie politique et ingénieure de recherche à Sorbonne Université.
700 10 - ADDED ENTRY--PERSONAL NAME
Personal name Billier, Jean-Cassien
Relator term author
700 10 - ADDED ENTRY--PERSONAL NAME
Personal name Savidan, Patrick
Relator term author
700 10 - ADDED ENTRY--PERSONAL NAME
Personal name Thiaw-
Relator term author
856 41 - ELECTRONIC LOCATION AND ACCESS
Uniform Resource Identifier <a href="https://shs.cairn.info/lecons-de-la-philosophie--9782738145338?lang=fr&redirect-ssocas=7080">https://shs.cairn.info/lecons-de-la-philosophie--9782738145338?lang=fr&redirect-ssocas=7080</a>

Pas d'exemplaire disponible.

PLUDOC

PLUDOC est la plateforme unique et centralisée de gestion des bibliothèques physiques et numériques de Guinée administré par le CEDUST. Elle est la plus grande base de données de ressources documentaires pour les Étudiants, Enseignants chercheurs et Chercheurs de Guinée.

Adresse

627 919 101/664 919 101

25 boulevard du commerce
Kaloum, Conakry, Guinée

Réseaux sociaux

Powered by Netsen Group @ 2025